000 02337nam a22003977 4500
999 _c56789
_d56789
001 RU/RGPU/BIBL/261855506
005 20190423160944.0
008 190423s2007 ru ||||| |||| 00| 0 rus d
020 _a9785468001028
040 _a1901371X
041 0 0 _arus
080 0 0 _a341.4(076.5) Т-67
090 _a1897185
_fБ-ка I-19 кн. (У-18002)
091 0 0 _aХ916.8
091 _a67.412
091 _a34М
092 0 0 _a10.87
100 1 _aТрикоз, Елена Николаевна
_9428
245 0 0 _aМеждународное уголовное право :
_bпрактикум /
_hТекст.
_cЕ. Н. Трикоз; науч. ред. А. Х. Абашидзе
260 _aМ.
_bНорма
_c2007
300 _a399 с.
_c21 см.
440 0 0 _aДля юридических вузов и факультетов
_9429
500 _aВ прил. включ. норматив. материалы
_a1000 экз.
504 _aБиблиогр. в конце тем
520 _aНастоящее издание - первый в России практикум по международному уголовному праву, который включает не только тестовые задания и задачи, перечень источников и обширную библиографию по различным вопросам международного уголовного права, но и учебную программу, тематику лекционных и семинарских занятий.
521 _aДля студентов и преподавателей юридических вузов и факультетов.
650 _aУголовное право международное
_9430
653 _aსამართალი
653 _aსაერთაშორისო სისხლის სამართალი
700 _aАбашидзе. А. Х.
_eНаучный редактор
_9432
710 _gинновационный проект
_9431
852 _aмеждународное право
852 4 1 _aуголовное право
876 _p3000040172
942 _2udc
_cBK